| 000 | 00417nam a22001577a 4500 | ||
|---|---|---|---|
| 005 | 20250223122455.0 | ||
| 008 | 250223b |||||||| |||| 00| 0 eng d | ||
| 020 | _a8186361995 | ||
| 050 | _aRJ245 SAM | ||
| 100 | _aSamant, Kusum | ||
| 245 |
_aPaediatric for Nurses/ _cKusum Samant |
||
| 250 | _a1st ed. | ||
| 260 |
_aMumbai _bVora Medical Publications |
||
| 300 |
_a407p. _bill. _c21.5cm |
||
| 942 |
_2lcc _cBK _e1st ed. _n0 |
||
| 999 |
_c4184 _d4184 |
||